| 000 | 00918 a2200217 4500 | ||
|---|---|---|---|
| 020 | _a038735073X | ||
| 020 | _a9780387350738 | ||
| 082 | _a530.11 | ||
| 090 |
_c1177 _d1177 |
||
| 100 | 1 | _aGroah, Jeffrey. | |
| 245 | 1 | 0 |
_aShock wave interactions in general relativity : _ba locally inertial glimm scheme for spherically symmetric spacetimes / _cJeffrey Groah, Joel Smoller, Blake Temple. |
| 260 |
_a[S.l.] : _bSpringer, _c2007. |
||
| 300 |
_a160 p. ; _c24 cm. |
||
| 490 | 1 | _aSpringer monographs in mathematics. | |
| 700 | 1 | _aSmoller, Joel. | |
| 700 | 1 | _aTemple, Blake. | |
| 830 | 0 | _aSpringer monographs in mathematics. | |
| 942 |
_aSNS _cBK _k530.11 GRO |
||
| 999 |
_c29790 _d29790 |
||